Top 10 Goalscorers of Every Premier League Season - Statistics

General Stats
  • This quiz has been taken 294 times
  • The average score is 251 of 362
Answer Stats
Group Club Nation Position Answer % Correct
2021/22 Manchester United Portugal 3 Cristiano Ronaldo
98%
2008/09 Manchester United Portugal 2 Cristiano Ronaldo
98%
2007/08 Manchester United Portugal 1 Cristiano Ronaldo
98%
2006/07 Manchester United Portugal 3 Cristiano Ronaldo
98%
2023/24 Manchester City Norway 1 Erling Haaland
98%
2022/23 Manchester City Norway 1 Erling Haaland
98%
2023/24 Tottenham Hotspur South Korea 8 Heung-min Son
98%
2021/22 Tottenham Hotspur South Korea T1 Heung-min Son
98%
2020/21 Tottenham Hotspur South Korea T4 Heung-min Son
98%
2017/18 Tottenham Hotspur South Korea T10 Heung-min Son
98%
2023/24 Liverpool Egypt 7 Mohamed Salah
98%
2022/23 Liverpool Egypt 4 Mohamed Salah
98%
2021/22 Liverpool Egypt T1 Mohamed Salah
98%
2020/21 Liverpool Egypt 2 Mohamed Salah
98%
2019/20 Liverpool Egypt 5 Mohamed Salah
98%
2018/19 Liverpool Egypt T1 Mohamed Salah
98%
2017/18 Liverpool Egypt 1 Mohamed Salah
98%
2018/19 Manchester City Argentina 4 Sergio Agüero
98%
2017/18 Manchester City Argentina 3 Sergio Agüero
98%
2016/17 Manchester City Argentina T4 Sergio Agüero
98%
2015/16 Manchester City Argentina T2 Sergio Agüero
98%
2014/15 Manchester City Argentina 1 Sergio Agüero
98%
2013/14 Manchester City Argentina T4 Sergio Agüero
98%
2011/12 Manchester City Argentina 3 Sergio Agüero
98%
2022/23 Tottenham Hotspur England 2 Harry Kane
97%
2021/22 Tottenham Hotspur England 4 Harry Kane
97%
2020/21 Tottenham Hotspur England 1 Harry Kane
97%
2019/20 Tottenham Hotspur England T6 Harry Kane
97%
2018/19 Tottenham Hotspur England T6 Harry Kane
97%
2017/18 Tottenham Hotspur England 2 Harry Kane
97%
2016/17 Tottenham Hotspur England 1 Harry Kane
97%
2015/16 Tottenham Hotspur England 1 Harry Kane
97%
2014/15 Tottenham Hotspur England 2 Harry Kane
97%
2021/22 Liverpool Senegal 5 Sadio Mané
97%
2019/20 Liverpool Senegal T6 Sadio Mané
97%
2018/19 Liverpool Senegal T1 Sadio Mané
97%
2021/22 Leicester City England T6 Jamie Vardy
96%
2020/21 Leicester City England 7 Jamie Vardy
96%
2019/20 Leicester City England 1 Jamie Vardy
96%
2018/19 Leicester City England 5 Jamie Vardy
96%
2017/18 Leicester City England 4 Jamie Vardy
96%
2015/16 Leicester City England T2 Jamie Vardy
96%
2023/24 Newcastle United Sweden 3 Alexander Isak
95%
2012/13 Chelsea, Newcastle United Senegal T7 Demba Ba
95%
2011/12 Newcastle United Senegal 7 Demba Ba
95%
2012/13 Manchester United Netherlands 1 Robin van Persie
95%
2011/12 Arsenal Netherlands 1 Robin van Persie
95%
2010/11 Arsenal Netherlands 3 Robin van Persie
95%
2008/09 Arsenal Netherlands T10 Robin van Persie
95%
2009/10 Chelsea Côte d'Ivoire (Ivory Coast) 1 Didier Drogba
94%
2006/07 Chelsea Côte d'Ivoire (Ivory Coast) 1 Didier Drogba
94%
2005/06 Chelsea Côte d'Ivoire (Ivory Coast) T10 Didier Drogba
94%
2021/22 Manchester City Belgium T6 Kevin De Bruyne
94%
2019/20 Arsenal Gabon T2 Pierre-Emerick Aubameyang
94%
2018/19 Arsenal Gabon T1 Pierre-Emerick Aubameyang
94%
2005/06 Arsenal France 1 Thierry Henry
94%
2004/05 Arsenal France 1 Thierry Henry
94%
2003/04 Arsenal France 1 Thierry Henry
94%
2002/03 Arsenal France 2 Thierry Henry
94%
2001/02 Arsenal France 1 Thierry Henry
94%
2000/01 Arsenal France T3 Thierry Henry
94%
1999/2000 Arsenal France 6 Thierry Henry
94%
2023/24 Arsenal England T9 Bukayo Saka
93%
2022/23 Arsenal England T10 Bukayo Saka
93%
2023/24 Chelsea England 2 Cole Palmer
93%
2017/18 Leicester City Algeria T10 Riyad Mahrez
93%
2015/16 Leicester City Algeria 5 Riyad Mahrez
93%
2017/18 Manchester United Belgium 6 Romelu Lukaku
93%
2016/17 Everton Belgium 2 Romelu Lukaku
93%
2015/16 Everton Belgium 4 Romelu Lukaku
93%
2013/14 Chelsea, Everton Belgium T9 Romelu Lukaku
93%
2012/13 West Bromwich Albion Belgium 6 Romelu Lukaku
93%
2018/19 Chelsea Belgium 8 Eden Hazard
92%
2017/18 Chelsea Belgium T10 Eden Hazard
92%
2016/17 Chelsea Belgium T8 Eden Hazard
92%
2014/15 Chelsea Belgium T6 Eden Hazard
92%
2013/14 Liverpool Uruguay 1 Luis Suárez
92%
2012/13 Liverpool Uruguay 2 Luis Suárez
92%
2023/24 Manchester City England T4 Phil Foden
92%
2014/15 Manchester United England T10 Wayne Rooney
92%
2013/14 Manchester United England T4 Wayne Rooney
92%
2011/12 Manchester United England 2 Wayne Rooney
92%
2009/10 Manchester United England 2 Wayne Rooney
92%
2008/09 Manchester United England T6 Wayne Rooney
92%
2006/07 Manchester United England T4 Wayne Rooney
92%
2005/06 Manchester United England T4 Wayne Rooney
92%
2016/17 Arsenal Chile 3 Alexis Sánchez
91%
2015/16 Arsenal Chile T9 Alexis Sánchez
91%
2014/15 Arsenal Chile 5 Alexis Sánchez
91%
2012/13 Fulham, Manchester United Bulgaria T7 Dimitar Berbatov
91%
2010/11 Manchester United Bulgaria T1 Dimitar Berbatov
91%
2007/08 Tottenham Hotspur Bulgaria T5 Dimitar Berbatov
91%
2006/07 Tottenham Hotspur Bulgaria T8 Dimitar Berbatov
91%
2009/10 Liverpool Spain T6 Fernando Torres
91%
2008/09 Liverpool Spain T4 Fernando Torres
91%
2007/08 Liverpool Spain T2 Fernando Torres
91%
2012/13 Chelsea England T7 Frank Lampard
91%
2009/10 Chelsea England 5 Frank Lampard
91%
2008/09 Chelsea England T6 Frank Lampard
91%
2005/06 Chelsea England T4 Frank Lampard
91%
2004/05 Chelsea England T4 Frank Lampard
91%
2022/23 Manchester United England 6 Marcus Rashford
91%
2019/20 Manchester United England T8 Marcus Rashford
91%
2023/24 Aston Villa England T4 Ollie Watkins
91%
2022/23 Aston Villa England T7 Ollie Watkins
91%
2020/21 Aston Villa England 8 Ollie Watkins
91%
2021/22 Manchester City England 10 Raheem Sterling
91%
2019/20 Manchester City England 4 Raheem Sterling
91%
2018/19 Manchester City England T6 Raheem Sterling
91%
2017/18 Manchester City England 5 Raheem Sterling
91%
2003/04 Newcastle United England 2 Alan Shearer
90%
2002/03 Newcastle United England 6 Alan Shearer
90%
2001/02 Newcastle United England T2 Alan Shearer
90%
1999/2000 Newcastle United England 2 Alan Shearer
90%
1998/99 Newcastle United England T7 Alan Shearer
90%
1996/97 Newcastle United England 1 Alan Shearer
90%
1995/96 Blackburn Rovers England 1 Alan Shearer
90%
1994/95 Blackburn Rovers England 1 Alan Shearer
90%
1993/94 Blackburn Rovers England 2 Alan Shearer
90%
1992/93 Blackburn Rovers England T5 Alan Shearer
90%
2020/21 Manchester United Portugal 3 Bruno Fernandes
89%
2021/22 Liverpool Portugal T6 Diogo Jota
89%
2017/18 Manchester City Brazil 9 Gabriel Jesus
89%
2022/23 Arsenal Norway T7 Martin Ødegaard
89%
2017/18 Liverpool Brazil 7 Roberto Firmino
89%
2019/20 Manchester United France T8 Anthony Martial
87%
2013/14 Manchester City Bosnia and Herzegovina T7 Edin Džeko
87%
2011/12 Manchester City Bosnia and Herzegovina 9 Edin Džeko
87%
2012/13 Tottenham Hotspur Wales 3 Gareth Bale
87%
2005/06 Manchester United Netherlands 2 Ruud van Nistelrooy
87%
2003/04 Manchester United Netherlands T3 Ruud van Nistelrooy
87%
2002/03 Manchester United Netherlands 1 Ruud van Nistelrooy
87%
2001/02 Manchester United Netherlands T2 Ruud van Nistelrooy
87%
2008/09 Liverpool England 3 Steven Gerrard
87%
2016/17 Manchester United Sweden 7 Zlatan Ibrahimović
87%
2010/11 Manchester City Argentina T1 Carlos Tévez
86%
2009/10 Manchester City Argentina 4 Carlos Tévez
86%
2007/08 Manchester United Argentina 9 Carlos Tévez
86%
2020/21 Manchester City Germany T9 İlkay Gündoğan
86%
2022/23 Arsenal Brazil T7 Gabriel Martinelli
85%
2013/14 Manchester City Côte d'Ivoire (Ivory Coast) 3 Yaya Touré
85%
2015/16 Arsenal France T6 Olivier Giroud
84%
2014/15 Arsenal France T6 Olivier Giroud
84%
2013/14 Arsenal France T7 Olivier Giroud
84%
2020/21 Arsenal France T9 Alexandre Lacazette
83%
2018/19 Arsenal France T10 Alexandre Lacazette
83%
2017/18 Arsenal France 8 Alexandre Lacazette
83%
2014/15 Manchester City Spain T10 David Silva
83%
2011/12 Tottenham Hotspur Togo T4 Emmanuel Adebayor
83%
2009/10 Manchester City Togo 9 Emmanuel Adebayor
83%
2007/08 Arsenal Togo T2 Emmanuel Adebayor
83%
2019/20 Wolverhampton Wanderers Mexico T8 Raúl Jiménez
83%
2018/19 Wolverhampton Wanderers Mexico T10 Raúl Jiménez
83%
2022/23 Fulham Serbia T10 Aleksandar Mitrović
82%
2016/17 Chelsea Spain T4 Diego Costa
82%
2014/15 Chelsea Spain 3 Diego Costa
82%
2022/23 Brentford England 3 Ivan Toney
80%
2004/05 Fulham England T7 Andy Cole
79%
2001/02 Blackburn Rovers, Manchester United England 10 Andy Cole
79%
1999/2000 Manchester United England T4 Andy Cole
79%
1998/99 Manchester United England T4 Andy Cole
79%
1997/98 Manchester United England T4 Andy Cole
79%
1994/95 Manchester United, Newcastle United England 5 Andy Cole
79%
1993/94 Newcastle United England 1 Andy Cole
79%
2008/09 Chelsea France 1 Nicolas Anelka
79%
2003/04 Manchester City France T5 Nicolas Anelka
79%
2002/03 Manchester City France T7 Nicolas Anelka
79%
1998/99 Arsenal France T4 Nicolas Anelka
79%
2010/11 Aston Villa, Sunderland England 4 Darren Bent
78%
2009/10 Sunderland England 3 Darren Bent
78%
2008/09 Tottenham Hotspur England T6 Darren Bent
78%
2006/07 Charlton Athletic England T6 Darren Bent
78%
2005/06 Charlton Athletic England 3 Darren Bent
78%
1999/2000 Manchester United Trinidad and Tobago 3 Dwight Yorke
78%
1998/99 Aston Villa, Manchester United Trinidad and Tobago T1 Dwight Yorke
78%
1996/97 Aston Villa Trinidad and Tobago 5 Dwight Yorke
78%
1995/96 Aston Villa Trinidad and Tobago 4 Dwight Yorke
78%
2023/24 West Ham United England T9 Jarrod Bowen
78%
2018/19 Everton Brazil T10 Richarlison
78%
2007/08 Tottenham Hotspur Ireland T5 Robbie Keane
78%
2005/06 Tottenham Hotspur Ireland T4 Robbie Keane
78%
2003/04 Tottenham Hotspur Ireland T10 Robbie Keane
78%
2002/03 Leeds United, Tottenham Hotspur Ireland T7 Robbie Keane
78%
2018/19 Everton Iceland T10 Gylfi Sigurðsson
77%
2010/11 Manchester United Mexico T6 Javier Hernández
77%
2011/12 Fulham United States T4 Clint Dempsey
76%
2023/24 Bournemouth England T4 Dominic Solanke
76%
2021/22 Crystal Palace Côte d'Ivoire (Ivory Coast) 9 Wilfried Zaha
76%
2016/17 Crystal Palace Belgium T10 Christian Benteke
75%
2014/15 Aston Villa Belgium 9 Christian Benteke
75%
2012/13 Aston Villa Belgium 4 Christian Benteke
75%
2020/21 Everton England 6 Dominic Calvert-Lewin
75%
2023/24 Crystal Palace France T9 Jean-Philippe Mateta
75%
2011/12 Manchester City Italy T10 Mario Balotelli
75%
2004/05 Arsenal France 3 Robert Pirés
75%
2003/04 Arsenal France T10 Robert Pirés
75%
2002/03 Arsenal France T7 Robert Pirés
75%
1997/98 Arsenal Netherlands T4 Dennis Bergkamp
74%
1996/97 Arsenal Netherlands T10 Dennis Bergkamp
74%
2010/11 Liverpool Netherlands T6 Dirk Kuyt
74%
2008/09 Liverpool Netherlands T6 Dirk Kuyt
74%
2006/07 Liverpool Netherlands T8 Dirk Kuyt
74%
2003/04 Liverpool England T7 Michael Owen
73%
2002/03 Liverpool England 5 Michael Owen
73%
2001/02 Liverpool England 5 Michael Owen
73%
2000/01 Liverpool England 5 Michael Owen
73%
1998/99 Liverpool England T1 Michael Owen
73%
1997/98 Liverpool England T1 Michael Owen
73%
2001/02 Manchester United Norway 6 Ole Gunnar Solskjær
73%
1996/97 Manchester United Norway T3 Ole Gunnar Solskjær
73%
2018/19 Manchester United France T10 Paul Pogba
73%
2022/23 Newcastle United England 5 Callum Wilson
72%
2018/19 Bournemouth England 9 Callum Wilson
72%
2016/17 Sunderland England T10 Jermain Defoe
72%
2015/16 Sunderland England 8 Jermain Defoe
72%
2009/10 Tottenham Hotspur England T6 Jermain Defoe
72%
2008/09 Portsmouth, Tottenham Hotspur England T10 Jermain Defoe
72%
2004/05 Tottenham Hotspur England T4 Jermain Defoe
72%
2020/21 Leeds United England T4 Patrick Bamford
72%
1995/96 Manchester United France T9 Éric Cantona
71%
1993/94 Manchester United France 8 Éric Cantona
71%
1992/93 Leeds United, Manchester United France T7 Éric Cantona
71%
2013/14 Liverpool England 2 Daniel Sturridge
70%
2016/17 Tottenham Hotspur England 6 Dele Alli
69%
1996/97 Arsenal England 2 Ian Wright
68%
1995/96 Arsenal England T7 Ian Wright
68%
1994/95 Arsenal England T8 Ian Wright
68%
1993/94 Arsenal England 5 Ian Wright
68%
1992/93 Arsenal England T7 Ian Wright
68%
2000/01 Manchester United England 6 Teddy Sheringham
67%
1995/96 Tottenham Hotspur England T5 Teddy Sheringham
67%
1994/95 Tottenham Hotspur England T8 Teddy Sheringham
67%
1992/93 Nottingham Forest, Tottenham Hotspur England 1 Teddy Sheringham
67%
2009/10 Arsenal Spain 8 Cesc Fàbregas
66%
2004/05 Middlesbrough Netherlands T4 Jimmy Floyd Hasselbaink
66%
2001/02 Chelsea Netherlands T2 Jimmy Floyd Hasselbaink
66%
2000/01 Chelsea Netherlands 1 Jimmy Floyd Hasselbaink
66%
1998/99 Leeds United Netherlands T1 Jimmy Floyd Hasselbaink
66%
1997/98 Leeds United Netherlands T4 Jimmy Floyd Hasselbaink
66%
2002/03 Manchester United England T7 Paul Scholes
66%
2001/02 Leeds United, Liverpool England 7 Robbie Fowler
64%
1998/99 Liverpool England T7 Robbie Fowler
64%
1996/97 Liverpool England T3 Robbie Fowler
64%
1995/96 Liverpool England 2 Robbie Fowler
64%
1994/95 Liverpool England 2 Robbie Fowler
64%
2002/03 Chelsea Italy T7 Gianfranco Zola
63%
2012/13 Swansea City Spain 5 Michu
63%
2019/20 Southampton England T2 Danny Ings
62%
2008/09 Manchester City Brazil T4 Robinho
62%
2010/11 Liverpool, Newcastle United England T6 Andy Carroll
59%
2013/14 Swansea City Côte d'Ivoire (Ivory Coast) T4 Wilfried Bony
59%
2000/01 Sunderland England T7 Kevin Phillips
58%
1999/2000 Sunderland England 1 Kevin Phillips
58%
2014/15 Southampton Italy T10 Graziano Pellè
57%
2016/17 Bournemouth Norway T8 Joshua King
57%
2009/10 Everton France T10 Louis Saha
57%
2003/04 Fulham, Manchester United France T3 Louis Saha
57%
2004/05 Chelsea Iceland T7 Eiður Guðjohnsen
56%
2001/02 Chelsea Iceland T8 Eiður Guðjohnsen
56%
2011/12 Newcastle United Senegal T10 Papiss Cissé
56%
2010/11 Chelsea France T6 Florent Malouda
55%
2004/05 Southampton England T7 Peter Crouch
55%
1996/97 Newcastle United England T6 Les Ferdinand
54%
1995/96 Newcastle United England 3 Les Ferdinand
54%
1994/95 Queens Park Rangers England 3 Les Ferdinand
54%
1993/94 Queens Park Rangers England T9 Les Ferdinand
54%
1992/93 Queens Park Rangers England 2 Les Ferdinand
54%
1996/97 Southampton England 9 Matt Le Tissier
54%
1994/95 Southampton England 7 Matt Le Tissier
54%
1993/94 Southampton England T3 Matt Le Tissier
54%
1992/93 Southampton England T7 Matt Le Tissier
54%
2015/16 Watford England T9 Troy Deeney
54%
2002/03 Leeds United Australia T7 Harry Kewell
52%
2006/07 Middlesbrough Australia T4 Mark Viduka
51%
2002/03 Leeds United Australia 4 Mark Viduka
51%
2000/01 Leeds United Australia T3 Mark Viduka
51%
1994/95 Tottenham Hotspur Germany 6 Jürgen Klinsmann
50%
1999/2000 West Ham United Italy 7 Paolo Di Canio
50%
2010/11 Tottenham Hotspur Netherlands T6 Rafael van der Vaart
50%
2011/12 Blackburn Rovers Nigeria T4 Yakubu Ayegbeni
48%
2007/08 Everton, Middlesbrough Nigeria T5 Yakubu Ayegbeni
48%
2006/07 Middlesbrough Nigeria T8 Yakubu Ayegbeni
48%
2005/06 Middlesbrough Nigeria T8 Yakubu Ayegbeni
48%
2004/05 Portsmouth Nigeria T7 Yakubu Ayegbeni
48%
2003/04 Portsmouth Nigeria T7 Yakubu Ayegbeni
48%
1998/99 Aston Villa, Coventry City England T7 Dion Dublin
46%
1997/98 Coventry City England T1 Dion Dublin
46%
1996/97 Coventry City England 8 Dion Dublin
46%
1995/96 Coventry City England T9 Dion Dublin
46%
2000/01 Liverpool England T7 Emile Heskey
45%
2004/05 Crystal Palace England 2 Andy Johnson
44%
2009/10 Aston Villa England T10 Gabriel Agbonlahor
44%
2008/09 Aston Villa England T10 Gabriel Agbonlahor
44%
1997/98 Blackburn Rovers England T1 Chris Sutton
43%
1994/95 Blackburn Rovers England T10 Chris Sutton
43%
1993/94 Norwich City England T3 Chris Sutton
43%
2018/19 Brighton & Hove Albion England T10 Glenn Murray
42%
2017/18 Brighton & Hove Albion England T10 Glenn Murray
42%
2007/08 Blackburn Rovers Paraguay 4 Roque Santa Cruz
41%
2000/01 Leeds United England T10 Alan Smith
40%
2014/15 Queens Park Rangers England 4 Charlie Austin
38%
2012/13 Southampton England T7 Rickie Lambert
38%
2015/16 Watford Nigeria T6 Odion Ighalo
37%
2008/09 Aston Villa Norway T10 John Carew
36%
2007/08 Aston Villa Norway 10 John Carew
36%
1996/97 Middlesbrough Brazil T10 Juninho Paulista
36%
2006/07 Blackburn Rovers South Africa 2 Benni McCarthy
35%
2008/09 Bolton Wanderers England T10 Kevin Davies
35%
2016/17 Swansea City Spain T10 Fernando Llorente
34%
1992/93 Manchester United Wales T7 Mark Hughes
34%
2000/01 Chelsea Uruguay T10 Gustavo Poyet
33%
2014/15 West Bromwich Albion Burundi T6 Saido Berahino
33%
2003/04 Southampton England T10 James Beattie
32%
2002/03 Southampton England 3 James Beattie
32%
2000/01 Southampton England T10 James Beattie
32%
2014/15 Stoke City Senegal T10 Mame Diouf
31%
2005/06 Blackburn Rovers Wales T8 Craig Bellamy
30%
2007/08 Manchester City, Portsmouth Zimbabwe T5 Benjani Mwaruwari
29%
1995/96 Everton Russia T5 Andrey Kanchelskis
28%
1992/93 Coventry City England 4 Micky Quinn
28%
1999/2000 Sunderland Ireland T8 Niall Quinn
28%
2010/11 Blackpool England T6 DJ Campbell
26%
2003/04 Birmingham City Finland T5 Mikael Forssell
26%
1996/97 Liverpool England T10 Stan Collymore
26%
1995/96 Liverpool England T9 Stan Collymore
26%
1994/95 Nottingham Forest England 4 Stan Collymore
26%
2003/04 Aston Villa Colombia T7 Juan Pablo Ángel
25%
1997/98 Derby County Costa Rica 10 Paulo Wanchope
24%
2010/11 West Bromwich Albion Nigeria 5 Peter Odemwingie
24%
1996/97 Middlesbrough Italy T6 Fabrizio Ravanelli
23%
2013/14 Southampton England T9 Jay Rodriguez
23%
1999/2000 Tottenham Hotspur England T8 Chris Armstrong
21%
1995/96 Tottenham Hotspur England T7 Chris Armstrong
21%
1992/93 Crystal Palace England T7 Chris Armstrong
21%
2011/12 Norwich City England 8 Grant Holt
20%
2006/07 Reading Ireland T6 Kevin Doyle
20%
2000/01 West Ham United Mali T10 Frédéric Kanouté
18%
2000/01 Ipswich Town England 2 Marcus Stewart
18%
1993/94 Newcastle United England 6 Peter Beardsley
18%
1992/93 Sheffield United England T7 Brian Deane
17%
2001/02 Southampton Latvia T8 Marians Pahars
17%
1997/98 West Ham United Wales 8 John Hartson
16%
2008/09 Stoke City Jamaica T10 Ricardo Fuller
16%
1994/95 Manchester City Germany T10 Uwe Rösler
16%
1993/94 Wimbledon England T9 Dean Holdsworth
14%
1992/93 Wimbledon England 3 Dean Holdsworth
14%
1994/95 Aston Villa Wales T10 Dean Saunders
14%
1999/2000 Tottenham Hotspur Norway T8 Steffen Iversen
14%
1992/93 Manchester City England T5 David White
12%
1997/98 Blackburn Rovers Scotland T4 Kevin Gallacher
12%
1993/94 Sheffield Wednesday England 7 Mark Bright
12%
2000/01 Middlesbrough Croatia 9 Alen Bokšić
11%
1999/2000 Leeds United England T4 Michael Bridges
11%
1998/99 Middlesbrough Colombia 6 Hámilton Ricard
9%
1997/98 Coventry City England 9 Darren Huckerby
8%
2005/06 Wigan Athletic Senegal T10 Henri Camara
8%
2005/06 West Ham United England 7 Marlon Harewood
8%
1992/93 Norwich City England T7 Mark Robins
7%
2000/01 Charlton Athletic Finland T10 Jonatan Johansson
6%
1998/99 Aston Villa England T7 Julian Joachim
5%
1996/97 Leicester City England T10 Steve Claridge
2%
1992/93 Middlesbrough England T7 Paul Wilkinson
0%
No matching quizzes found
Score Distribution
Percent of People with Each Score
Percentile by Number Answered
Your Score History
You have not taken this quiz